[Event "BL 8990 HSK-Sindelfingen"]
[Site "?"]
[Date "1989.??.??"]
[Round "?.6"]
[White "Mueller, Ka"]
[Black "Bialas, W."]
[Result "1-0"]
[WhiteElo "2365"]
[BlackElo "2370"]
[PlyCount "105"]
[EventDate "1989.??.??"]

1. e4 c5 2. Nf3 d6 3. d4 cxd4 4. Qxd4 a6 5. c4 Nc6 6. Qd2 Nf6 7. Nc3 g6 8. b3
Bg7 9. Bb2 O-O 10. Bd3 Bg4 11. Ng1 Qa5 12. h3 Bd7 13. Rd1 Ne5 14. Bb1 Rac8 15.
Nge2 Bc6 16. O-O Ned7 17. Nd5 Qd8 18. Nd4 Bxd5 19. exd5 Nc5 20. Rfe1 Qd7 21.
Qg5 Rfe8 22. Re2 Nh5 23. Rde1 Bf6 24. Qd2 Be5 25. Rxe5 dxe5 26. Rxe5 Nf6 27.
Nf3 Qd6 28. Re1 Ncd7 29. Ne5 b5 30. g4 bxc4 31. bxc4 e6 32. Nxd7 Nxd7 33. Qc3
e5 34. Bd3 Nc5 35. Bc2 f6 36. Ba3 Qc7 37. Rb1 Rb8 38. Rxb8 Rxb8 39. Qe3 Rc8 40.
h4 Qd7 41. f3 Qc7 42. h5 Kg7 43. Kg2 Nd7 44. Bd3 Qa5 45. Bc1 g5 46. Qe4 Nf8 47.
Bxg5 fxg5 48. Qxe5+ Kg8 49. Qxg5+ Kh8 50. Qf6+ Kg8 51. Bxh7+ Nxh7 52. Qe6+ Kg7
53. h6+ 1-0

[Event "BL 8990 HSK-Sindelfingen"]
[Site "?"]
[Date "1989.??.??"]
[Round "?.7"]
[White "Franke, H."]
[Black "Sievers, S."]
[Result "1-0"]
[WhiteElo "2370"]
[BlackElo "2255"]
[PlyCount "43"]
[EventDate "1989.??.??"]

1. d4 Nf6 2. Bg5 e6 3. Nd2 c5 4. e3 Be7 5. Bd3 b6 6. Ngf3 Ba6 7. Bxa6 Nxa6 8.
O-O O-O 9. Qe2 Qc8 10. e4 d6 11. e5 Nd5 12. Ne4 dxe5 13. dxe5 Bxg5 14. Nfxg5
Nab4 15. c4 Ne7 16. Nxh7 Kxh7 17. Qh5+ Kg8 18. Ng5 Re8 19. Qxf7+ Kh8 20. f4 Nf5
21. Rf3 Nh6 22. Rh3 1-0

[Event "BL 8990 Kirchheim-HSK"]
[Site "?"]
[Date "1989.??.??"]
[Round "?.2"]
[White "Graf, J."]
[Black "Maus, So"]
[Result "1-0"]
[WhiteElo "2425"]
[BlackElo "2395"]
[PlyCount "69"]
[EventDate "1989.??.??"]

1. d4 Nf6 2. c4 c5 3. d5 e6 4. Nc3 exd5 5. cxd5 d6 6. e4 g6 7. Nf3 Bg7 8. Bg5
a6 9. Nd2 b5 10. Be2 b4 11. Ncb1 O-O 12. O-O h6 13. Bh4 g5 14. Bg3 Re8 15. Bd3
h5 16. Nc4 h4 17. Bxd6 Nxe4 18. Bxe4 Rxe4 19. Nbd2 Re8 20. Qh5 Bf5 21. Rfe1 Nd7
22. Rxe8+ Qxe8 23. Qxg5 Bd3 24. Ne3 a5 25. h3 a4 26. Rc1 Ra6 27. Ndc4 Nf6 28.
Bxc5 Ne4 29. Qe7 Qc8 30. d6 Nxc5 31. Ne5 Bxe5 32. Qxe5 Rc6 33. Nd5 Qe6 34. Ne7+
Kh7 35. Qxe6 1-0

[Event "BL 8990 Kirchheim-HSK"]
[Site "?"]
[Date "1989.??.??"]
[Round "?.3"]
[White "Reefschlaeger, H."]
[Black "Gschnitzer, O."]
[Result "0-1"]
[WhiteElo "2395"]
[BlackElo "2405"]
[PlyCount "121"]
[EventDate "1989.??.??"]

1. e4 c5 2. f4 d5 3. Nc3 dxe4 4. Nxe4 e6 5. d3 Nf6 6. Qe2 Nc6 7. c3 b6 8. g3
Ba6 9. Bg2 Qd7 10. Nf2 O-O-O 11. Be3 Nd5 12. O-O-O g6 13. Nf3 Bg7 14. Bd2 Nde7
15. Be1 Qc7 16. Ng5 Nd5 17. Ng4 Kb8 18. Nf3 Rd7 19. c4 Nde7 20. Bc3 Bxc3 21.
bxc3 Rd6 22. Nfe5 Rf8 23. Nf6 h6 24. h4 Bb7 25. g4 Ng8 26. Ne4 Rdd8 27. Nxc6+
Bxc6 28. Rhf1 f5 29. Nd2 Bxg2 30. Qxg2 Rxd3 31. Kc2 Rfd8 32. gxf5 gxf5 33. Nf3
Qd7 34. Rxd3 Qxd3+ 35. Kb3 Qe4 36. Re1 Qc6 37. Qe2 Re8 38. Ne5 Qb7 39. Qd3 Nf6
40. Rg1 Ne4 41. Rg6 h5 42. a4 Kc8 43. Qd1 Rd8 44. Qxd8+ Kxd8 45. Rg8+ Kc7 46.
Rg7+ Kc8 47. Rg8+ Kc7 48. Rg7+ Kb8 49. Rg8+ Qc8 50. Rxc8+ Kxc8 51. Kc2 Kc7 52.
Kd3 Nf2+ 53. Ke2 Ng4 54. Kf3 Kb7 55. Kg3 Nf6 56. Nf7 Ne4+ 57. Kf3 Kc6 58. Ng5
Nxc3 59. Nxe6 Nxa4 60. Ng7 Nb2 61. Nxh5 0-1

[Event "BL 8990 Kirchheim-HSK"]
[Site "?"]
[Date "1989.??.??"]
[Round "?.4"]
[White "Mueller, O."]
[Black "Wegner, H."]
[Result "1/2-1/2"]
[WhiteElo "2355"]
[BlackElo "2365"]
[PlyCount "32"]
[EventDate "1989.??.??"]

1. e4 g6 2. d4 Bg7 3. Nc3 c6 4. Nf3 d5 5. h3 Nf6 6. Bd3 dxe4 7. Nxe4 Nxe4 8.
Bxe4 Nd7 9. O-O O-O 10. Re1 c5 11. c3 cxd4 12. Nxd4 Nc5 13. Bc2 a6 14. Bg5 Re8
15. Qf3 Qc7 16. Rad1 e5 1/2-1/2

[Event "BL 8990 Kirchheim-HSK"]
[Site "?"]
[Date "1989.??.??"]
[Round "?.5"]
[White "Michaelsen, N."]
[Black "Vonthron, H."]
[Result "1-0"]
[WhiteElo "2345"]
[BlackElo "2385"]
[PlyCount "77"]
[EventDate "1989.??.??"]

1. d4 Nf6 2. c4 e6 3. Nc3 Bb4 4. Qc2 O-O 5. a3 Bxc3+ 6. Qxc3 Qe8 7. Nf3 d6 8.
g3 b6 9. Bg2 Bb7 10. O-O Be4 11. b4 Qc6 12. Bb2 Nbd7 13. Rac1 Rac8 14. Bh3 Bxf3
15. exf3 d5 16. c5 a5 17. Rfe1 axb4 18. axb4 bxc5 19. dxc5 Rb8 20. Bf1 Rfd8 21.
f4 Qa4 22. b5 Rxb5 23. Ra1 Qb3 24. Bxb5 Qxb5 25. Ra5 Qc6 26. Qa3 h5 27. Bd4 Ne4
28. Qa2 Rb8 29. f3 Nexc5 30. Bxc5 Nxc5 31. Qc2 d4 32. Qxc5 Qxf3 33. Qxd4 h4 34.
Qe3 Qb7 35. gxh4 Qb4 36. Rg5 Qb2 37. h5 Ra8 38. Rg2 Qf6 39. Qe5 1-0

[Event "BL 8990 Kirchheim-HSK"]
[Site "?"]
[Date "1989.??.??"]
[Round "?.7"]
[White "Sievers, S."]
[Black "Schindler, W."]
[Result "1/2-1/2"]
[WhiteElo "2255"]
[BlackElo "2295"]
[PlyCount "33"]
[EventDate "1989.??.??"]

1. e4 c5 2. Nf3 Nc6 3. Nc3 g6 4. d4 cxd4 5. Nxd4 Bg7 6. Be3 Nf6 7. Bc4 O-O 8.
Bb3 d6 9. f3 Bd7 10. Qd2 Nxd4 11. Bxd4 b5 12. O-O a5 13. a3 Bc6 14. Rad1 Qb8
15. Rfe1 Re8 16. Kh1 b4 17. axb4 1/2-1/2

[Event "BL 8990 Sindelfingen-Delmenhorst"]
[Site "?"]
[Date "1989.??.??"]
[Round "?.1"]
[White "Armas, I."]
[Black "Darga, K."]
[Result "1/2-1/2"]
[WhiteElo "2480"]
[BlackElo "2470"]
[PlyCount "58"]
[EventDate "1989.??.??"]

1. e4 c5 2. Nf3 Nc6 3. d4 cxd4 4. Nxd4 Qc7 5. Be3 Nf6 6. Nc3 a6 7. Be2 e6 8. f4
Bb4 9. Bf3 d6 10. Nb3 e5 11. O-O Bxc3 12. bxc3 Be6 13. f5 Bc4 14. Rf2 Ne7 15.
Nd2 d5 16. Bg5 O-O-O 17. Nxc4 Qxc4 18. Qd3 Qc5 19. Bxf6 gxf6 20. Rb1 dxe4 21.
Qxe4 Nc6 22. Qh4 Rd2 23. Bxc6 bxc6 24. Rbf1 Rhd8 25. Qb4 Qe3 26. Qc4 Qb6 27.
Qb4 Qa7 28. Qc4 R8d6 29. g3 Rxf2 1/2-1/2

[Event "BL 8990 Sindelfingen-Delmenhorst"]
[Site "?"]
[Date "1989.??.??"]
[Round "?.2"]
[White "Rajkovic, D."]
[Black "Hausner, I."]
[Result "0-1"]
[WhiteElo "2465"]
[BlackElo "2440"]
[PlyCount "80"]
[EventDate "1989.??.??"]

1. d4 d6 2. c4 e5 3. Nc3 exd4 4. Qxd4 Nc6 5. Qd2 Nf6 6. g3 g6 7. Bg2 Bg7 8. b3
O-O 9. Bb2 a5 10. Nh3 Ne5 11. Rc1 Nfd7 12. O-O Nc5 13. Nb5 c6 14. Nd4 a4 15. b4
a3 16. Ba1 Na4 17. f4 Ng4 18. Nf2 Nxf2 19. Rxf2 Nb2 20. e3 Re8 21. Bf1 Qb6 22.
c5 dxc5 23. bxc5 Qa5 24. Rc3 Rd8 25. Bc4 Na4 26. Rxa3 Qxc5 27. Qc1 Bf8 28. Rd3
Bf5 29. Rd1 Nb6 30. Bb3 Qxc1 31. Rxc1 Nd5 32. Re2 Ba3 33. Rf1 Bg4 34. Ree1 Bb4
35. Kf2 Bxe1+ 36. Rxe1 Nb4 37. Kg2 c5 38. Nf3 Be6 39. Bf6 Rdc8 40. Ne5 c4 0-1

[Event "BL 8990 Sindelfingen-Delmenhorst"]
[Site "?"]
[Date "1989.??.??"]
[Round "?.3"]
[White "Hermann, Man"]
[Black "Fahnenschmidt, G."]
[Result "1/2-1/2"]
[WhiteElo "2360"]
[BlackElo "2405"]
[PlyCount "44"]
[EventDate "1989.??.??"]

1. e4 c5 2. c3 d5 3. exd5 Qxd5 4. d4 e6 5. Nf3 Nf6 6. Be2 cxd4 7. cxd4 Nc6 8.
Nc3 Qd6 9. O-O Be7 10. Bg5 O-O 11. Rc1 Qd8 12. a3 b6 13. Bd3 Bb7 14. Bb1 Rc8
15. Qd3 g6 16. Ba2 Ng4 17. Ne4 Bxg5 18. Nexg5 Nge5 19. Qe3 Nxf3+ 20. Nxf3 Qf6
21. d5 exd5 22. Bxd5 Rfe8 1/2-1/2

[Event "BL 8990 Sindelfingen-Delmenhorst"]
[Site "?"]
[Date "1989.??.??"]
[Round "?.5"]
[White "Schlemermeyer, W."]
[Black "Werner, Marc"]
[Result "0-1"]
[WhiteElo "2385"]
[BlackElo "2360"]
[PlyCount "40"]
[EventDate "1989.??.??"]

1. Nf3 Nf6 2. c4 e6 3. g3 d5 4. b3 Be7 5. Bg2 O-O 6. O-O b6 7. Bb2 Bb7 8. e3
Nbd7 9. Nc3 dxc4 10. bxc4 Nc5 11. d4 Nce4 12. Nxe4 Nxe4 13. Ne5 Qe8 14. Qc2 f5
15. Rad1 Rd8 16. Nd3 Bf6 17. c5 Bc6 18. Rc1 Ba4 19. Qe2 Bb5 20. f3 Nxc5 0-1

[Event "BL 8990 Sindelfingen-Delmenhorst"]
[Site "?"]
[Date "1989.??.??"]
[Round "?.6"]
[White "Bialas, W."]
[Black "Breutigam, M."]
[Result "0-1"]
[WhiteElo "2370"]
[BlackElo "2320"]
[PlyCount "88"]
[EventDate "1989.??.??"]

1. g3 d5 2. Bg2 c5 3. Nf3 Nf6 4. O-O e6 5. d4 Nc6 6. c4 Be7 7. cxd5 exd5 8.
dxc5 Bxc5 9. a3 O-O 10. b4 Bb6 11. Nc3 Be6 12. Bg5 Re8 13. e3 d4 14. exd4 Nxd4
15. Nxd4 Bxd4 16. Qf3 Bg4 17. Qxg4 Nxg4 18. Bxd8 Bxc3 19. Rac1 Bd2 20. Bc7 Bxc1
21. Rxc1 Re7 22. Bxb7 Rae8 23. Ba6 Re1+ 24. Rxe1 Rxe1+ 25. Kg2 Nf6 26. Bb8 Ra1
27. Bxa7 Rxa3 28. b5 Nd5 29. Bb7 Nf4+ 30. gxf4 Rxa7 31. Be4 Ra4 32. Kf3 Rb4 33.
Bd3 Kf8 34. Ke3 Ke7 35. Bxh7 Rxb5 36. Bd3 Rh5 37. f3 Rxh2 38. Be4 Kd6 39. Kd4
Ra2 40. Ke3 Ra3+ 41. Kf2 Kc5 42. Ke2 Kd4 43. Kf2 Ra6 44. Kg3 Ke3 0-1

[Event "BL 8990 Sindelfingen-Delmenhorst"]
[Site "?"]
[Date "1989.??.??"]
[Round "?.7"]
[White "Derikum, A."]
[Black "Franke, H."]
[Result "1/2-1/2"]
[WhiteElo "2285"]
[BlackElo "2370"]
[PlyCount "30"]
[EventDate "1989.??.??"]

1. c4 Nf6 2. Nf3 c6 3. g3 d5 4. b3 Bf5 5. Bg2 e6 6. O-O h6 7. Bb2 Nbd7 8. d3
Be7 9. Nbd2 O-O 10. a3 a5 11. Ra2 Qb6 12. Qa1 Rfc8 13. Ne5 Nxe5 14. Bxe5 Qd8
15. Re1 Qf8 1/2-1/2

[Event "BL 8990 Heidelberg-München 36"]
[Site "?"]
[Date "1989.??.??"]
[Round "?.1"]
[White "Smejkal, J."]
[Black "Ostl, A."]
[Result "1-0"]
[WhiteElo "2545"]
[BlackElo "2335"]
[PlyCount "45"]
[EventDate "1989.??.??"]

1. c4 c5 2. Nf3 g6 3. e4 Bg7 4. d4 cxd4 5. Nxd4 Nc6 6. Be3 d6 7. Nc3 Nf6 8. Be2
O-O 9. O-O Bd7 10. Qd2 Ng4 11. Bxg4 Bxg4 12. h3 Bd7 13. Rad1 b6 14. f4 f5 15.
exf5 gxf5 16. Rfe1 Qe8 17. Nd5 Qf7 18. Bf2 Rae8 19. Nc7 Rc8 20. Nde6 Rxc7 21.
Nxc7 Qxc4 22. Nd5 Rf7 23. Rc1 1-0

[Event "BL 8990 Heidelberg-München 36"]
[Site "?"]
[Date "1989.??.??"]
[Round "?.3"]
[White "Bastian, H."]
[Black "Neurohr, S."]
[Result "1-0"]
[WhiteElo "2340"]
[BlackElo "2325"]
[PlyCount "93"]
[EventDate "1989.??.??"]

1. e4 c5 2. Nc3 Nc6 3. Nge2 g6 4. g3 Bg7 5. Bg2 d6 6. O-O e6 7. d3 Nge7 8. Bg5
O-O 9. Qd2 b6 10. Bh6 Bxh6 11. Qxh6 d5 12. g4 d4 13. Nb5 e5 14. f4 Kh8 15. f5
Ng8 16. Qh3 g5 17. Qh5 f6 18. h4 Ba6 19. a4 Bxb5 20. axb5 Nb4 21. hxg5 fxg5 22.
Rac1 a6 23. bxa6 Rxa6 24. Rf3 b5 25. Qh2 Qe7 26. c3 Nc6 27. cxd4 Nxd4 28. Nxd4
cxd4 29. Rf2 Rfa8 30. Bf3 Ra1 31. Rfc2 Rxc1+ 32. Rxc1 Nf6 33. Bd1 Kg7 34. Qd2
h6 35. Kg2 Ra7 36. Kg3 Rc7 37. Ra1 Ra7 38. Rc1 Rc7 39. Ra1 Ra7 40. Rxa7 Qxa7
41. Qb4 Qd7 42. Qc5 Qe8 43. Qc7+ Kf8 44. Qc5+ Kg7 45. Qd6 Ng8 46. Bb3 h5 47.
gxh5 1-0

[Event "BL 8990 Heidelberg-München 36"]
[Site "?"]
[Date "1989.??.??"]
[Round "?.4"]
[White "Grathwohl, R."]
[Black "Pichler, J."]
[Result "0-1"]
[WhiteElo "2360"]
[BlackElo "2325"]
[PlyCount "114"]
[EventDate "1989.??.??"]

1. Nf3 Nf6 2. b3 d5 3. Bb2 Bg4 4. e3 e6 5. Be2 Be7 6. O-O O-O 7. d3 a5 8. a3
Nbd7 9. Nbd2 c6 10. c4 Qb6 11. Qc2 Rfc8 12. Rac1 Qd8 13. Qb1 Qf8 14. Qa2 h6 15.
h3 Bh5 16. Rfe1 Bg6 17. Bf1 Rd8 18. d4 Ne4 19. Nxe4 Bxe4 20. Nd2 Bg6 21. c5 e5
22. Bc3 Re8 23. Qb2 exd4 24. exd4 Bf6 25. b4 axb4 26. axb4 Rxe1 27. Rxe1 Qb8
28. Nb3 Nf8 29. b5 Ne6 30. Ra1 Rxa1 31. Qxa1 Bc2 32. Na5 cxb5 33. Qb2 Ba4 34.
Bxb5 Bxb5 35. Qxb5 Bxd4 36. Bxd4 Nxd4 37. Qxb7 Qxb7 38. Nxb7 Kf8 39. f3 Ke7 40.
Kf2 Kd7 41. Ke3 Ne6 42. Na5 Nxc5 43. f4 g6 44. f5 gxf5 45. Kf4 Ke6 46. Nc6 Kf6
47. Nb4 Ne6+ 48. Ke3 Ke5 49. Nd3+ Kd6 50. h4 d4+ 51. Kf3 h5 52. g3 f6 53. Ke2
Kd5 54. Nf2 Kc4 55. Nd3 Kc3 56. Nf2 Nc5 57. Kf3 Ne4 0-1

[Event "BL 8990 Heidelberg-München 36"]
[Site "?"]
[Date "1989.??.??"]
[Round "?.5"]
[White "Goetz, R."]
[Black "Pirrot, D."]
[Result "1/2-1/2"]
[WhiteElo "2315"]
[BlackElo "2355"]
[PlyCount "92"]
[EventDate "1989.??.??"]

1. e4 e5 2. Nf3 Nc6 3. Bc4 Bc5 4. c3 Nf6 5. d3 d6 6. Nbd2 a6 7. Bb3 O-O 8. O-O
Ba7 9. Nc4 Be6 10. Re1 h6 11. Be3 b5 12. Ncd2 Bxe3 13. Rxe3 Re8 14. d4 Bxb3 15.
Qxb3 Qb8 16. d5 Ne7 17. Qc2 Qb6 18. Nh4 c6 19. dxc6 Qxc6 20. Rae1 Nh5 21. g3
Nf6 22. Qd1 g6 23. Qf3 Kg7 24. g4 Rad8 25. Qg3 g5 26. Nf5+ Nxf5 27. gxf5 Rh8
28. Qf3 h5 29. Nf1 h4 30. h3 Rhe8 31. Nh2 d5 32. exd5 Qxd5 33. Qxd5 Rxd5 34.
Nf3 Nd7 35. Nxg5 Kf6 36. Nf3 Rh8 37. Re4 Kxf5 38. Nxh4+ Ke6 39. Ng2 Kd6 40. h4
f5 41. R4e2 f4 42. f3 a5 43. Kf2 Nc5 44. Rf1 a4 45. Rc2 Ke6 46. Ke2 Kf5 1/2-1/2

[Event "BL 8990 Heidelberg-München 36"]
[Site "?"]
[Date "1989.??.??"]
[Round "?.8"]
[White "Weber, M."]
[Black "Koepf, U."]
[Result "1/2-1/2"]
[WhiteElo "2305"]
[BlackElo "2260"]
[PlyCount "35"]
[EventDate "1989.??.??"]

1. Nf3 Nf6 2. c4 e6 3. g3 b6 4. Bg2 Bb7 5. O-O c5 6. d4 cxd4 7. Qxd4 Be7 8. Nc3
d6 9. b3 O-O 10. Bb2 a6 11. Rad1 Qc7 12. Ne1 Bxg2 13. Nxg2 Nc6 14. Qe3 Rab8 15.
Ne4 Ne5 16. Nxf6+ Bxf6 17. Ba3 Rfd8 18. Nf4 1/2-1/2

[Event "BL 8990 Hofheim-Bayern"]
[Site "?"]
[Date "1989.??.??"]
[Round "?.3"]
[White "Hickl, J."]
[Black "Schmitzer, K."]
[Result "1-0"]
[WhiteElo "2510"]
[BlackElo "2305"]
[PlyCount "171"]
[EventDate "1989.??.??"]

1. e4 c6 2. d3 d5 3. Nd2 Qc7 4. Ngf3 Bg4 5. h3 Bh5 6. Be2 Nd7 7. O-O Ngf6 8. b3
e6 9. Bb2 dxe4 10. dxe4 Bg6 11. Bd3 Nc5 12. Qe2 Be7 13. Ne5 O-O-O 14. a4 Nh5
15. Qe3 f6 16. b4 Nxd3 17. Nxd3 Qb6 18. Qe2 Ng3 19. Qg4 Nxf1 20. Qxe6+ Kb8 21.
Rxf1 Rhe8 22. Qb3 Bf8 23. Re1 Qc7 24. Qc3 Bd6 25. a5 Bh2+ 26. Kf1 Be5 27. Nxe5
Rxe5 28. Qe3 Re7 29. Bd4 Ka8 30. f3 Qd7 31. c3 Bf7 32. Re2 a6 33. Kg1 Ree8 34.
Qf2 Be6 35. Kh1 Qf7 36. Qg3 Rd7 37. Bg1 Bc4 38. Qf2 b6 39. Nxc4 Qxc4 40. Qxb6
Rb7 41. Qe3 Rd8 42. Rd2 Rdd7 43. Kh2 Qe6 44. Kh1 Qc4 45. Bf2 Kb8 46. Qf4+ Kc8
47. Rxd7 Rxd7 48. Bd4 Qe6 49. Qh4 h6 50. Qh5 Rb7 51. Qg6 Rd7 52. e5 Qf7 53. Qe4
Qd5 54. Qxd5 Rxd5 55. exf6 gxf6 56. Bxf6 c5 57. Kh2 Kd7 58. g4 Ke6 59. Bg7 h5
60. Bf8 c4 61. Kg3 Kf7 62. Bc5 hxg4 63. hxg4 Rd3 64. b5 Rd5 65. Bb4 Rxb5 66.
Kf4 Rd5 67. Ke4 Rd3 68. g5 Kg6 69. f4 Kh5 70. Kf5 Rf3 71. Ke4 Rd3 72. Kf5 Rf3
73. Be7 Rxc3 74. g6 Rg3 75. Bg5 Rb3 76. g7 Rb8 77. Kf6 c3 78. f5 Rg8 79. Bc1
Kg4 80. Ba3 c2 81. Kg6 Rxg7+ 82. Kxg7 Kxf5 83. Kf7 Ke4 84. Ke7 Kd5 85. Kd7 Kc4
86. Kc6 1-0

[Event "BL 8990 Hofheim-Bayern"]
[Site "?"]
[Date "1989.??.??"]
[Round "?.4"]
[White "Zude, E."]
[Black "Bischoff, K."]
[Result "0-1"]
[WhiteElo "2325"]
[BlackElo "2530"]
[PlyCount "40"]
[EventDate "1989.??.??"]

1. e4 c5 2. Nf3 e6 3. d4 cxd4 4. Nxd4 a6 5. Bd3 Nf6 6. O-O Qc7 7. Qe2 d6 8. c4
g6 9. b3 Bg7 10. Bb2 O-O 11. Nc3 Nbd7 12. Rad1 b6 13. Kh1 Re8 14. Bc2 Bb7 15.
Nf3 Rad8 16. b4 d5 17. e5 Nh5 18. Rfe1 dxc4 19. Be4 Nf4 20. Qe3 Bxe4 0-1

[Event "BL 8990 Hofheim-Bayern"]
[Site "?"]
[Date "1989.??.??"]
[Round "?.5"]
[White "Hertneck, G."]
[Black "Wendel, S."]
[Result "1-0"]
[WhiteElo "2475"]
[BlackElo "2255"]
[PlyCount "53"]
[EventDate "1989.??.??"]

1. d4 d5 2. Nf3 c6 3. c4 Nf6 4. Nc3 dxc4 5. a4 Bf5 6. Ne5 e6 7. f3 c5 8. e4
cxd4 9. exf5 Nc6 10. Nxc6 bxc6 11. fxe6 fxe6 12. Bxc4 dxc3 13. bxc3 Qa5 14. Qd3
Bc5 15. Bxe6 Ke7 16. Qc4 Rhe8 17. Kd1 Kf8 18. Re1 Rad8+ 19. Kc2 Nd5 20. Re5 Rd6
21. Rxd5 Rxd5 22. Qf4+ Ke7 23. Qf7+ Kd8 24. Bxd5 cxd5 25. Qxd5+ Kc8 26. Qc6+
Kd8 27. Bg5+ 1-0

[Event "BL 8990 Hofheim-Bayern"]
[Site "?"]
[Date "1989.??.??"]
[Round "?.6"]
[White "Haubt, G."]
[Black "Schlosser, P."]
[Result "1/2-1/2"]
[WhiteElo "2295"]
[BlackElo "2475"]
[PlyCount "83"]
[EventDate "1989.??.??"]

1. e4 c5 2. Nc3 e6 3. g3 Nc6 4. Bg2 Nf6 5. d3 Be7 6. f4 d5 7. e5 Nd7 8. Nf3 O-O
9. O-O Rb8 10. Ne2 b5 11. d4 b4 12. Be3 Ba6 13. Rf2 Qc7 14. dxc5 Nxc5 15. Nfd4
Ne4 16. Bxe4 dxe4 17. Nxc6 Qxc6 18. Nd4 Qc4 19. Qe2 Qxe2 20. Nxe2 Rbc8 21. Nd4
Rfd8 22. Rd2 Bc5 23. Rad1 h6 24. Kf2 Bb6 25. Ne2 Rxd2 26. Rxd2 f5 27. exf6 gxf6
28. g4 Bxe2 29. Bxb6 axb6 30. Kxe2 f5 31. Kd1 fxg4 32. Rg2 Kf7 33. Rxg4 Kf6 34.
Rh4 Kf5 35. Rxh6 Kxf4 36. Rxe6 Ke3 37. Rxb6 Rg8 38. c3 bxc3 39. bxc3 Rg2 40. a4
Rxh2 41. a5 Kd3 42. Rd6+ 1/2-1/2

[Event "BL 8990 Hofheim-Bayern"]
[Site "?"]
[Date "1989.??.??"]
[Round "?.8"]
[White "Kopp, B."]
[Black "Stangl, M."]
[Result "0-1"]
[WhiteElo "2265"]
[BlackElo "2375"]
[PlyCount "90"]
[EventDate "1989.??.??"]

1. e4 c5 2. Nf3 d6 3. d4 cxd4 4. Nxd4 Nf6 5. Nc3 a6 6. Bg5 e6 7. Qd3 Nbd7 8. f4
b5 9. O-O-O Nc5 10. Qe3 b4 11. Bxf6 gxf6 12. Nce2 Bb7 13. Ng3 Qc7 14. Kb1 Bh6
15. Nb3 Rc8 16. Bd3 Rg8 17. Rhg1 Nxb3 18. cxb3 Qc5 19. Qd2 Rg4 20. Ne2 Qb6 21.
g3 Ke7 22. Rc1 Rgg8 23. Rgd1 a5 24. Rxc8 Rxc8 25. Rf1 Bg7 26. Nc1 Qc5 27. Qf2
d5 28. exd5 Bxd5 29. Qxc5+ Rxc5 30. Rf2 f5 31. Rc2 Kd6 32. a3 Bd4 33. Ne2 Be3
34. Rxc5 Kxc5 35. Kc2 h6 36. Ba6 Be4+ 37. Bd3 Kd5 38. axb4 axb4 39. h3 h5 40.
h4 f6 41. g4 fxg4 42. Ng3 Bxd3+ 43. Kxd3 Bxf4 44. Nxh5 Be5 45. Ke3 f5 0-1

[Event "BL 8990 München 36-Hofheim"]
[Site "?"]
[Date "1989.??.??"]
[Round "?.1"]
[White "Zude, A."]
[Black "Smejkal, J."]
[Result "1-0"]
[WhiteElo "2325"]
[BlackElo "2545"]
[PlyCount "93"]
[EventDate "1989.??.??"]

1. e4 e5 2. Nf3 Nc6 3. Bb5 a6 4. Ba4 Nf6 5. d4 exd4 6. O-O Be7 7. Re1 b5 8. e5
Nxe5 9. Rxe5 d6 10. Re1 bxa4 11. Nxd4 Bd7 12. Qf3 O-O 13. Nc6 Bxc6 14. Qxc6 Nd7
15. Nc3 a3 16. b3 Ne5 17. Qe4 f5 18. Qd5+ Kh8 19. Bxa3 c6 20. Qd2 Qa5 21. Bb2
Bf6 22. Rad1 Rad8 23. Na4 Qc7 24. Bc3 Qf7 25. Ba5 Qg6 26. Qe2 Rd7 27. Nb6 Rdd8
28. Nc4 Rd7 29. Nxd6 f4 30. Qe4 c5 31. Qxg6 hxg6 32. Ne4 Rxd1 33. Rxd1 Nc6 34.
Bb6 c4 35. Rd6 cxb3 36. axb3 Nb4 37. c3 Na2 38. Nxf6 Rxf6 39. Rxf6 gxf6 40. Bd4
Kg7 41. b4 Kf7 42. Kf1 f3 43. g3 f5 44. Ke1 Ke6 45. Kd2 Kd5 46. Bg7 Kc4 47. Kc2
1-0

[Event "BL 8990 München 36-Hofheim"]
[Site "?"]
[Date "1989.??.??"]
[Round "?.2"]
[White "Nikolac, J."]
[Black "Buchal, S."]
[Result "1-0"]
[WhiteElo "2475"]
[BlackElo "2335"]
[PlyCount "117"]
[EventDate "1989.??.??"]

1. d4 g6 2. e4 Bg7 3. Nf3 d6 4. c3 Nf6 5. Nbd2 O-O 6. Be2 b6 7. O-O Bb7 8. Qc2
c5 9. dxc5 bxc5 10. Re1 Nc6 11. Nc4 Qc7 12. Bg5 h6 13. Bh4 g5 14. Bg3 Nh5 15.
Rad1 Rad8 16. Rd2 Nxg3 17. hxg3 Qc8 18. Qd1 Qe6 19. Bd3 Ne5 20. Nfxe5 Bxe5 21.
Ne3 Qg6 22. Nf5 Rd7 23. Bc2 Bc6 24. Ne3 Rb8 25. Nc4 Qg7 26. Ba4 Bxa4 27. Qxa4
Rdb7 28. Qd1 Bf6 29. Qe2 Qg6 30. Rf1 Kh7 31. f4 gxf4 32. gxf4 Rg8 33. Rd3 Rbb8
34. Rh3 Qg4 35. Rff3 Rg6 36. Ne3 Qd7 37. Rh2 Qb5 38. Qxb5 Rxb5 39. Nc4 Bg7 40.
g3 Bf8 41. Rd2 Re6 42. Re3 Rg6 43. Kf2 Bg7 44. Kf3 Rb8 45. Red3 Rg8 46. Rh2 Bf6
47. Rh3 Rd8 48. e5 Bg7 49. exd6 exd6 50. Rh5 Bh8 51. g4 Bf6 52. Ne3 Be7 53. Nd5
Re6 54. g5 Re8 55. Nc7 Bf8 56. Nxe8 Rxe8 57. gxh6 Re6 58. b4 Bxh6 59. bxc5 1-0

[Event "BL 8990 München 36-Hofheim"]
[Site "?"]
[Date "1989.??.??"]
[Round "?.3"]
[White "Schmitzer, K."]
[Black "Bastian, H."]
[Result "1/2-1/2"]
[WhiteElo "2305"]
[BlackElo "2340"]
[PlyCount "114"]
[EventDate "1989.??.??"]

1. e4 e5 2. f4 exf4 3. Bc4 d6 4. d3 Qh4+ 5. Kf1 Ne7 6. Nf3 Qf6 7. Bd2 Be6 8.
Bc3 Qh6 9. Na3 Bxc4 10. Nxc4 Nd7 11. h4 Rg8 12. Ng5 Nc5 13. Kg1 f6 14. d4 fxg5
15. dxc5 Qe6 16. b3 O-O-O 17. cxd6 Ng6 18. hxg5 b5 19. Nb2 Bxd6 20. Qd5 Qxd5
21. exd5 Bc5+ 22. Kf1 Rxd5 23. Rxh7 Rxg5 24. Nd3 f3 25. g3 Bb6 26. Be1 Ne7 27.
Bf2 Nf5 28. Rh3 Ne3+ 29. Bxe3 Bxe3 30. Re1 Bb6 31. Re5 Rxe5 32. Nxe5 Rf8 33. g4
f2 34. Nd3 Kd7 35. Rh5 Kc6 36. Nb4+ Kb7 37. Nd3 g6 38. Rh2 Kc6 39. Rh6 Kd5 40.
Rxg6 Kd4 41. Rg5 Kc3 42. Rxb5 Kxc2 43. Nb4+ Kb2 44. Rf5 Rd8 45. Nd5 Bd4 46. Nb4
Rh8 47. Kg2 Rg8 48. g5 Rg6 49. Nd5 Kxa2 50. Nxc7 Rc6 51. Nb5 Bb6 52. Nxa7 Rc1
53. Rxf2+ Bxf2 54. Kxf2 Kxb3 55. Kf3 Kb4 56. Kf4 Rc7 57. g6 Rxa7 1/2-1/2

[Event "BL 8990 München 36-Hofheim"]
[Site "?"]
[Date "1989.??.??"]
[Round "?.4"]
[White "Pichler, J."]
[Black "Wendel, S."]
[Result "1-0"]
[WhiteElo "2325"]
[BlackElo "2255"]
[PlyCount "109"]
[EventDate "1989.??.??"]

1. e4 c5 2. Nf3 d6 3. d4 cxd4 4. Nxd4 Nf6 5. Nc3 g6 6. Be2 Bg7 7. O-O O-O 8.
Kh1 b6 9. f4 Bb7 10. Bf3 Nbd7 11. Nb3 Rc8 12. Qe1 e5 13. f5 Rxc3 14. bxc3 Qa8
15. Nd2 Nc5 16. Qe2 Nfxe4 17. Nxe4 Nxe4 18. Bxe4 Bxe4 19. f6 Bh8 20. Ba3 Rd8
21. Rad1 d5 22. Be7 Rc8 23. c4 Rxc4 24. Qxc4 dxc4 25. Rf2 h5 26. Rd8+ Qxd8 27.
Bxd8 h4 28. Kg1 g5 29. Bc7 Kh7 30. Bxe5 Kg6 31. g4 hxg3 32. hxg3 Bf5 33. c3 g4
34. Rf4 b5 35. Kf2 Bxf6 36. Bxf6 Kxf6 37. Ke3 Ke5 38. Rd4 a5 39. a3 Be6 40. Rd8
f5 41. Ra8 a4 42. Re8 Kd5 43. Kf4 Kd6 44. Rd8+ Bd7 45. Ke3 Ke7 46. Rb8 Ke6 47.
Kd4 Kd6 48. Rh8 Be6 49. Rh6 Ke7 50. Ke5 Bd7 51. Rh7+ Ke8 52. Kd6 b4 53. Rxd7 b3
54. Re7+ Kf8 55. Re2 1-0

[Event "BL 8990 München 36-Hofheim"]
[Site "?"]
[Date "1989.??.??"]
[Round "?.5"]
[White "Haubt, G."]
[Black "Goetz, R."]
[Result "1/2-1/2"]
[WhiteElo "2295"]
[BlackElo "2315"]
[PlyCount "62"]
[EventDate "1989.??.??"]

1. d4 Nf6 2. Nc3 d5 3. Bg5 c6 4. e3 Qb6 5. Rb1 Bf5 6. Bxf6 exf6 7. Bd3 Bxd3 8.
Qxd3 Na6 9. Nge2 Be7 10. O-O O-O 11. a3 Rad8 12. b4 Nc7 13. a4 Ne6 14. f4 g6
15. f5 Ng7 16. g4 Qc7 17. Ng3 Bd6 18. Nce2 Qe7 19. c3 Ne8 20. Rbe1 Bxg3 21.
Nxg3 Nd6 22. e4 dxe4 23. Nxe4 Nxe4 24. Rxe4 Qd7 25. Qe3 Rde8 26. Re1 Rxe4 27.
Qxe4 Rd8 28. Re3 Kg7 29. Kg2 Qd6 30. h4 Rd7 31. Kh3 Qd5 1/2-1/2

[Event "BL 8990 München 36-Hofheim"]
[Site "?"]
[Date "1989.??.??"]
[Round "?.8"]
[White "Koepf, U."]
[Black "Kopp, B."]
[Result "1/2-1/2"]
[WhiteElo "2260"]
[BlackElo "2265"]
[PlyCount "43"]
[EventDate "1989.??.??"]

1. Nf3 Nf6 2. g3 g6 3. Bg2 Bg7 4. O-O O-O 5. d4 d6 6. c4 Nc6 7. Nc3 a6 8. b3
Rb8 9. e3 b5 10. Qe2 bxc4 11. Qxc4 Nb4 12. Rd1 a5 13. Qe2 c6 14. Ba3 Ba6 15.
Qd2 Qb6 16. Ne1 Rfc8 17. Rac1 Nd7 18. Na4 Qb5 19. Bxb4 axb4 20. Rc4 c5 21. dxc5
Nxc5 22. Nxc5 1/2-1/2